000 00925cam a22001934a 4500
005 20250605164019.0
008 250528s ||||||||||||||||||||||||d
035 _a16278
020 _a340631988
040 _aGR-AtMCL
_bgre
_dGR-AtMCL
_eAACR2
245 1 _aIntroduction to Electric Circuits / Essential Electronics Series
260 _bHodder Headline Group,
_c1995
300 _a250
520 _aAn invaluable introduction to a topic that all scientists and engineers must get to grips with early in their academic careers. Preface, Acknowledgements, Units and Dimensions, Electric Circuit Elements, DC Circuit Analysis, Single-Phase a.c. Circuits, Three-Phase a.c. Circuits, Resonance, Nodal and Mesh Analysis, Transient Analysis, Two-Port Networks, Duals and Analogues, Answers to Self-Assessment Tests and Problems, Index.
700 1 _aPowell R. G
_92363
942 _cBK
999 _c1796
_d1796